000
00294nam a22001337a 4500
008
170526b xxu||||| |||| 00| 0 eng d
020
_a
0444002464
041
_a
eng
080
_a
621
100
_a
27
101
_a
IM
245
_a
LARGE SCALE DYNAMIC SYSTEMS
_c
SILJAK, D.D
942
_2
udc
_c
BK
999
_c
14537
_d
14537